| 000 | 00516nam a2200205Ia 4500 | ||
|---|---|---|---|
| 008 | 210210b2015 xxu||||| |||| 00| 0 eng d | ||
| 020 | _a9788131607428 | ||
| 041 | _aeng | ||
| 082 | _a362.83 KUMR | ||
| 100 | _aKUMAR (Pankaj) | ||
| 245 | _aRelocating womens equality | ||
| 260 |
_aJaipur _bRawat Publications _c2015 |
||
| 300 | _ax,318 | ||
| 650 | _awomens | ||
| 650 | _aRelocating | ||
| 650 | _aequality | ||
| 690 | _aSocial Welfare Problems & Services | ||
| 700 | _aGUPTA (Sadhna) Eds | ||
| 906 | _a071351 | ||
| 999 |
_c120863 _d120863 |
||